LEADER 01945nam a2200349 u 4500 001 000000003556 003 CaOOAMICUS 005 20070226104543.0 008 940514s1982 it u000 u ita u 035 $a10093305 040 $aPUL(R)$bita 110 2 $aCentro studi Sanguis Christi (Roma).$bSettimana$n(2 :$d1981 :$cRoma).$0(OLS)http://pul/name/3739 245 10$aSangue e antropologia biblica nella patristica :$batti della settimana, Roma, 23 - 28 novembre 1981 /$c[a cura di Francesco Vattoni]. 260 $aRoma :$bEdizioni Pia Unione Preziosissimo Sangue,$c1982. 300 $a2 v. ;$c24 cm 490 1 $aCentro studi Sanguis Christi ;$v2 650 4$aPatristica$xCongressi.$0(OLS)http://pul/subject/1421 650 4$aSangue (religione, folklore ecc.)$xCongressi.$0(OLS)http://pul/subject/2330 700 1 $aVattioni, Francesco.$0(OLS)http://pul/name/2774 830 0$aCentro studi Sanguis Christi ;$v2.$0(OLS)http://pul/title/5203 850 $aPUL 852 $aPUL$W1$xSL Religione 1$y3$m23 D 11-12$j4734$nBK-PRI$b $qStampati$B4734$CPULBib$Z2$F4734 $H $81 852 $aPUL$W1$xSL Religione 1$y3$m23 D 11-12$j4734$nBK-PRI$b $qStampati$B4735$CPULBib$Z2$F4735 $H $81 852 $aPUL$W1$xSL Religione 1$y3$m68 C 2a-b$j4736$nBK-PRI$b $qStampati$B4736$CPULBib$Z2$F4736 $H $81 852 $aPUL$W1$xSL Religione 1$y3$m68 C 2a-b$j4736$nBK-PRI$b $qStampati$B4737$CPULBib$Z2$F4737 $H $81 941 1 $a8 961 $aINV: 51097-51098 961 $aINV: 51097-51098 961 $aINV: 73437-73438 961 $aINV: 73437-73438 996 $6245$aSangue e antropologia biblica nella patristica :$batti della settimana, Roma, 23 - 28 novembre 1981$9(OLS)http://pul/title/5202 996 $6260$aRoma :$bEdizioni Pia Unione Preziosissimo Sangue$9(OLS)http://pul/publisher/49417 LEADER 01163nam a2200241 u 4500 001 000000008957 003 CaOOAMICUS 005 20070226105142.0 008 941010s1973 it a u000 u ita u 035 $a10228052 040 $aPUL(R)$bita 245 12$aL'ora di Cristo :$bposizioni nette contro compromessi equivoci /$cMichelel Federico Sciacca. 250 $a2. ed.riv. e raddoppiata. 260 $aMilano :$bMarzorati,$c1973. 300 $a333 p., [1] c. di tav. :$bill. ;$c22 cm 490 1 $aOpere complete di M.F. Sciacca ;$v37 650 0$aChristianity$y20th century.$2//eng$0(OLS)http://pul/subject/6328 650 0$aCivilization, Modern$y20th century.$2//eng$0(OLS)http://pul/subject/7491 800 1 $aSciacca, Michele Federico,$d1908-1975.$tOpere$9(Sciacca, Michele Federico, 1908-1975) ;$v37.$2//eng$0(OLS)http://pul/nameTitle/30$0(OLS)http://pul/name/3648$0(OLS)http://pul/title/7268 850 $aPUL 852 $aPUL$W1$xDP1 Fondo Giannini$y60$m1559 A 34$j12642$nBK-PRI$b $qFondi$B12642$CPULBib$Z2$F12642 $H $81 961 $aINV: F: Giannini 996 $6260$aMilano :$bMarzorati$9(OLS)http://pul/publisher/49236